|
|
|
|
| LEADER |
00000ny a22000003n 4500 |
| 005 |
2011062704294.0 |
| 006 |
m u |
| 007 |
cr cn||||||||| |
| 008 |
200606r2005 sp |||||s|||||||||||spa d |
| 020 |
|
|
|a 9788497725705
|
| 035 |
|
|
|a 1254
|
| 040 |
|
|
|a FlNmELB
|c FlNmELB
|d vLex
|
| 050 |
1 |
4 |
|a KHA1479
|b G124 2005eb
|
| 080 |
|
|
|a 341.8
|
| 090 |
|
|
|c 1113
|d 1113
|
| 100 |
1 |
|
|a Gadea Soler, Enrique
|
| 245 |
1 |
0 |
|a Iniciacin̤ al estudio del derecho concursal
|h [Recurso electrn̤ico]
|c Enrique Gadea
|
| 256 |
|
|
|a Servicio en ln̕ea
|
| 260 |
|
|
|a Madrid :
|b Dykinson,
|c c2005
|
| 300 |
|
|
|a 17-263 p
|
| 506 |
1 |
|
|a Contenido solo disponible en los productos indicados
|d vLex Global
|d vLex Global (Academic Edition, excluding Law Schools)
|d vLex Global (U.S. Academic Edition, Law Schools)
|d vLex Global (U.S. Academic Edition, excluding Law Schools)
|d vLex Global (Academic Edition, Law Schools)
|
| 650 |
0 |
7 |
|a Concursos
|2 Tesauro vLex
|
| 650 |
0 |
7 |
|a Derecho concursal
|2 Tesauro vLex
|
| 740 |
0 |
|
|a vLex Libros (Servicios en ln̕ea)
|
| 856 |
4 |
0 |
|u http://vlex.com/source/1254
|z Acceso restringido
|
| 942 |
|
|
|c BOOK
|